Kanárek nezpívá /

Hlavní autor: Landa, Vladimír, 1922-1989
Jazyk: Čeština
Vydáno: Praha : Magnet, 1975
Edice: Magnet (Magnet)
Externí odkaz: Digitalizovaný dokument
Fyzický popis: 127 s.
Knihy
Uloženo v:
LEADER 00898nam a22002652a 4500
001 001239104
003 CZ BrMZK
005 20130404114428.0
007 ta
008 120813s1975 xr er|||||||||||cze d
015 |a cnb000468789 
035 |a (OCoLC)42090634 
040 |a ABA001  |b cze  |c LIA001  |d ABA001  |d BOA001 
080 9 |a 885-312.4:327.84(430.1:437) 
100 1 |a Landa, Vladimír,  |d 1922-1989  |7 jn99240000607  |4 aut 
245 1 0 |a Kanárek nezpívá /  |c Vladimír Landa 
260 |a Praha :  |b Magnet,  |c 1975 
300 |a 127 s. 
490 1 |a Magnet ;  |v 6/75 
830 0 |a Magnet (Magnet)  |0 s 
856 4 1 |u http://www.digitalniknihovna.cz/mzk/uuid/uuid:b8c51af0-81f6-11e3-a6e0-005056827e52  |y Digitalizovaný dokument  |x NDK 
910 |a BOA001  |b 2-0741.046 
990 |a BK 
991 |b 201208 
996 7 |b 2619574105  |c 2-0741.046  |l Sklad H1  |r Sklad / do 24 hodin  |n 0  |h HS 212  |w 001273061  |u 000010  |a 1  |e BOA001  |j MZK50  |s A